Data Flow : Visualising Information in Graphic Design /

Guardado en:
Bibliografiske detaljer
Andre forfattere: Klanten, Robert (ed.) (ed.)
Format: Bog
Sprog:engelsk
Udgivet: Berlín, Alemania : Gestalten, 2008, c2008
Fag:
Tags: Tilføj Tag
Ingen Tags, Vær først til at tagge denne postø!

MARC

LEADER 00000nam^a2200000^a^4500
001 000293821
005 20250521000000.0
008 091021 20082008
009 20260310112148.826
020 |a 978-3-89955-217-1 
037 |a Acervo ITESO - Biblioteca 
041 |a ING 
082 |a 741. 6  |b DAT 
245 0 0 |a Data Flow :  |b Visualising Information in Graphic Design /  |c Ed. de R. Klanten... [et al.]. 
264 4 |a Berlín, Alemania :  |b Gestalten,  |c 2008, c2008 
300 |a 255 p. 
336 |a texto  |b txt  |2 rdacontenido 
337 |a sin mediación  |b n  |2 rdamedio 
338 |a volumen  |b nc  |2 rdasoporte 
649 |a XX 
650 |a Ilustración (Diseño) -  |x Tema Principal 
650 |a Gráficas por Computadora 
650 |a Diseño Asistido por Computadora 
650 |a Diseño Gráfico -  |x Tema Principal 
650 |a Comunicación Visual 
650 |a Arte 
700 |a Klanten, Robert  |e (ed.) 
910 |a Fondo General 
920 |a Impresos - Libros 
930 |a Reserva Especial 
905 |a 103 
901 |a 0500180106  |b IT1  |c REE  |u 20250521 
902 |a https://opac.biblio.iteso.mx/vufind/Record/000293821